Quizz Harry Potter - Personnages - Statistiques

Statistiques générales
  • Ce quiz a été pris 110 fois
  • Le résultat moyen est 7 sur 15
Statistiques - réponses
Hint Réponse % Correct
Dans quelle maison se trouve Drago Malefoy ? À Serpentard
81%
Qui sont les membres du Trio d’Or ? Harry Potter, Ron Weasley et Hermione Granger
72%
Qui accompagne Viktor Krum au Bal de Noël ? Hermione Granger
71%
Dolores Ombrage devient dans le cinquième film après le départ de Dumbledore… {Directrice} de Poudlard
70%
Lily Evans était amie d’enfance avec… Severus Rogue
69%
Qui a torturé les parents de Neville jusqu’à ce qu’ils deviennent fous ? Bellatrix Lestrange
66%
Comment s’appelait la petite sœur d’Albus et Abelforth Dumbledore ? Ariana
55%
Quelle est la forme Animagus de McGonagall ? Un chat
54%
Quelle est la cicatrice qu’a Harry Potter sur le front ? Un éclair
51%
Le père de Luna Lovegood… {Xenophilius} Lovegood
47%
Par quel objet Ginny est-elle possédée lors de sa première année à Poudlard ? Le Journal de Tom Jedusor
39%
Qui est le fantôme de Serdaigle ? La Dame Grise
38%
Quelle est la forme du Patronus de Ginny Weasley ? Un cheval
24%
À qui appartient à la base la première baguette de Ron Weasley ? À Charlie Weasley, son frère
15%
Quel est le statut de sang d’Hermione ? C’est une Née-Moldue
0%
Aucun quiz correspondant
Distribution des résultats
% des personnes avec chaque résultat
Percentile par nombre de réponses
Votre historique - résultats
Vous n’avez pas pris ce quiz